|
|
|
|
| LEADER |
00000nam0a2200000 4500 |
| 001 |
674745 |
| 005 |
20240920085340.0 |
| 090 |
|
|
|a 674745
|
| 100 |
|
|
|a 20240920d1977 m||y0rusy50 ca
|
| 101 |
0 |
|
|a rus
|
| 102 |
|
|
|a RU
|
| 105 |
|
|
|a y j 001yy
|
| 181 |
|
0 |
|a i
|b e
|
| 182 |
|
0 |
|a n
|
| 183 |
|
0 |
|a nc
|2 RDAcarrier
|
| 200 |
1 |
|
|a Статистическая оценка параметров и проверка гипотез
|e учебное пособие
|f В. С. Мхитарян, Л. И. Трошин
|g Московский экономико-статистический институт
|
| 203 |
|
|
|a Текст
|b визуальный
|c непосредственный
|
| 210 |
|
|
|a Москва
|c [Б. и.]
|d 1977
|
| 215 |
|
|
|a 126 с.
|
| 283 |
|
|
|a volume
|2 RDAcarrier
|
| 320 |
|
|
|a Литература: с. 125
|
| 606 |
1 |
|
|a Статистическое оценивание
|9 74744
|
| 610 |
1 |
|
|a выборочные характеристики
|
| 610 |
1 |
|
|a законы распределения
|
| 610 |
1 |
|
|a параметры
|
| 610 |
1 |
|
|a статистические оценки
|
| 610 |
1 |
|
|a гипотезы
|
| 610 |
1 |
|
|a статистическая проверка
|
| 610 |
1 |
|
|a учебные пособия
|
| 675 |
|
|
|a 519.233(075.8)
|v 4
|
| 700 |
|
1 |
|a Мхитарян
|b В. С.
|
| 701 |
|
1 |
|a Трошин
|b Л. И.
|
| 712 |
0 |
2 |
|a Московский экономико-статистический институт
|c (1948-1996)
|4 570
|9 27405
|
| 801 |
|
0 |
|a RU
|b 63413507
|c 20240920
|
| 830 |
|
|
|a Ретро2024Каталогизация Шило
|
| 850 |
|
|
|a 63413507
|
| 942 |
|
|
|c BK
|